000 00434nam a22001697a 4500
003 OSt
008 231114b |||||||| |||| 00| 0 eng d
041 _aeng
082 _a821
_bREV / SE
100 _aLawrence, DH
_95590
245 _aSelected Poems of D.H.Lawrence
260 _aLondon:
_bHeinemam Educational Books Ltd,
_c1951.
300 _a78p.
650 _aEnglish Poems
_95591
700 _aJames Reeves
_95592
942 _cBK
999 _c17798
_d17798